Geometry Dash - Most Downloaded Hard Demons - Statistics

General Stats
  • This quiz has been taken 62 times
    11 since last reset
  • The average score is 13 of 20
Answer Stats
Publisher Update Answer Downloads % Correct
Michigun 2.0 Forest Temple 11,500,000
100%
JonathanGD 2.1 Future Funk 34,800,000
100%
ZenthicAlpha 1.9 Jawbreaker 19,400,000
100%
Zobros 1.9 Nine Circles 91,900,000
100%
DavJT 2.1 CraZy 19,100,000
88%
mkComic 1.9 Fairydust 10,600,000
88%
Michigun 2.0 Desert Temple 5,700,000
75%
Michigun 1.8 Water Temple 4,300,000
75%
Jeyzor 1.9 Ditched Machine 4,900,000
63%
pg1004 1.6 pg clubstep 4,800,000
63%
16lord 2.2 The Towerverse 9,300,000
63%
IIINePtunEIII 1.9 ToE II v2 6,200,000
63%
FunnyGame 1.6 Death Step 6,300,000
50%
Zobros 1.9 Forsaken Neon 7,600,000
50%
EternaswipVMAX 2.0 Megalovania  7,300,000
50%
Manix648 2.1 TOE III 9,500,000
50%
Defectum 1.8 Cant Let Troll 6,200,000
25%
LazerBlitz 2.0 Deadlocked X 7,000,000
25%
MinAY 2.1 Fallen Angel 6,000,000
25%
TheMilkCat 2.2 Logodomy 4,400,000
25%
No matching quizzes found
Score Distribution
Percent of People with Each Score
Percentile by Number Answered
Your Score History
You have not taken this quiz since the last reset